|
|
|
|
| LEADER |
00926nam a2200241 a 4500 |
| 001 |
00025483 |
| 008 |
120703s2004 enka 000 0 eng |
| 020 |
|
|
|a 0521752310
|
| 020 |
|
|
|a 9780521752312
|
| 040 |
|
|
|a BD-DhAAL
|c BD-DhAAL
|
| 082 |
0 |
4 |
|a 428.6
|2 20
|
| 100 |
1 |
|
|a Rose, Gerald.
|
| 245 |
1 |
0 |
|a The lion and the mouse :
|b (a play) /
|c Gerald Rose.
|
| 260 |
|
|
|a Cambridge :
|b Cambridge University Press,
|c c2004.
|
| 300 |
|
|
|a 24 p. :
|b chiefly col. ill. ;
|c 17cm.
|
| 490 |
0 |
|
|a Cambridge storybooks
|
| 500 |
|
|
|a Cover title.
|
| 541 |
1 |
|
|e 00025483
|
| 650 |
|
0 |
|a Readers
|x Juvenile literature.
|
| 653 |
|
1 |
|a English language
|a Reading books
|
| 852 |
1 |
|
|a Ayesha Abed library
|c General Shelf
|
| 999 |
|
|
|c 12456
|d 12456
|
| 952 |
|
|
|0 0
|1 0
|2 ddc
|4 0
|6 428_600000000000000_ROS
|7 0
|9 20615
|a BRACUL
|b BRACUL
|c GEN
|d 2012-07-03
|e Karim International
|g 76.00
|l 0
|o 428.6 ROS
|p 3010025483
|r 2012-07-03
|t 1
|w 2012-07-03
|y BK
|x Transferred from BIL to BRACUL on 06/06/22
|